Things found...inside a Prison! - Statistics

General Stats
  • This quiz has been taken 118 times
  • The average score is 5 of 15
Answer Stats
Hint Answer % Correct
P Prisoners (inmates)
84%
G Guards
74%
B Bed (bunk bed)
72%
C Cell
59%
B Bars
58%
W Warden
36%
D Drugs
30%
B Barriers (Fence, walls)
23%
G Gym (Recreation Area)
13%
B (W) Block (Wing)
12%
D Dogs
12%
S Solitary Confinement
8%
C Crime
6%
S Sally Port
2%
C Counselor
1%
No matching quizzes found
Score Distribution
Percent of People with Each Score
Percentile by Number Answered
Your Score History
You have not taken this quiz